000 00480nam a2200181Ia 4500
001 25364
005 20260414151145.0
008 260414t2017||||xx |||||||||||||| ||spa||
041 _aESP
082 _a346.5
_bE88
100 _aEspinoza Espinoza, Juan
_eAUT
245 0 _aActo jurídico negocial :
_banálisis doctrinario, legislativo y jurisprudencial
260 _c2017
300 _a655 páginas :
_c25 cm.
650 _aDER
654 _aCDE
942 _cLIB
_dJUS
_fJUS
_2ddc
_n
999 _c25364
_d25364